Menin algačky enciklopedijam [ar bir balaga zaryl bolgon maalymattardy beruuču kitep]

Podrobná bibliografia
Hlavný autor: Langley, Andrew (Autor)
Ďalší autori: Abdijev, T. (Prekladateľ)
Médium: Kniha
Jazyk:kirgizština
neznámy jazyk
Fyzický popis:143 s. 31 cm
Vydavateľské údaje: Biškek Kyrgyzstan-Soros fondu 1998
ISBN:9967110201
Predmet:

MARC

LEADER 00000cam a2200000 a 4500
001 vtls001362942
003 SK-MaSNL
005 20260301010735.0
008 240226s1998 kg af 001 0 kir
020 |a 9967110201  |c b.c. 
035 |a SNK000316539 
035 |a urn:nbn:sk:snk-am3igrs 
035 |a 4CDFACAC-5CE3-4890-9294-815FFDD3176F 
035 |a urn:nbn:sk:snk-am00edgp 
040 |a SNK  |b slo  |c SNK  |e AACR2 
041 1 |a kir  |h und 
044 |a kg  |c KG 
080 |a 03(02.053.2)=850  |2 1981 
100 1 |a Langley, Andrew  |4 aut  |9 45223 
245 1 0 |a Menin algačky enciklopedijam  |b [ar bir balaga zaryl bolgon maalymattardy beruuču kitep]  |c Endrju Lengli ; [kotormoču T. Abdijev] 
260 |a Biškek  |b Kyrgyzstan-Soros fondu  |c 1998  |e [Martin  |f Neografia] 
300 |a 143 s.  |c 31 cm 
500 |a Podnázov prevzatý z obalu 
650 0 7 |a encyklopédie  |2 SNKPH  |9 81740 
655 7 |a publikácie pre deti  |2 SNKPH  |9 70148 
700 1 |a Abdijev, T.  |4 trl  |9 293044 
919 |a 9967-11-020-1 
958 |a OND 
999 |c 548962  |d 550892 
952 |t P60, <03>, [BOOK], {603}  |a SNK  |b SNK  |y PREZ  |7 0  |p 17A0194799  |o snkSB 60278  |i snkKSP 5536/99  |0 0  |1 0  |4 0  |d 1999-05-13  |f 1  |l 0  |r 2025-04-10 00:00:00  |w 2026-02-23